<?xml version="1.0" encoding="UTF-8"?>
<collection xmlns="http://www.loc.gov/MARC21/slim">
<record>
  <controlfield tag="001">169992</controlfield>
  <controlfield tag="005">20260316092629.0</controlfield>
  <datafield tag="024" ind1="7" ind2=" ">
    <subfield code="2">doi</subfield>
    <subfield code="a">10.1108/JBIM-04-2025-0303</subfield>
  </datafield>
  <datafield tag="024" ind1="8" ind2=" ">
    <subfield code="2">sideral</subfield>
    <subfield code="a">148510</subfield>
  </datafield>
  <datafield tag="037" ind1=" " ind2=" ">
    <subfield code="a">ART-2026-148510</subfield>
  </datafield>
  <datafield tag="041" ind1=" " ind2=" ">
    <subfield code="a">eng</subfield>
  </datafield>
  <datafield tag="100" ind1=" " ind2=" ">
    <subfield code="a">Fehrenbach, David</subfield>
  </datafield>
  <datafield tag="245" ind1=" " ind2=" ">
    <subfield code="a">Co-creation in B2B AI sales: buyers’ perspectives from a mixed-method study</subfield>
  </datafield>
  <datafield tag="260" ind1=" " ind2=" ">
    <subfield code="c">2026</subfield>
  </datafield>
  <datafield tag="520" ind1="3" ind2=" ">
    <subfield code="a">Purpose
In business-to-business (B2B), artificial intelligence (AI) holds transformative potential but often encounters significant implementation challenges, with many projects failing to deliver value. This study aims to explore the integration of co-creation within the B2B sales funnel as a means to enhance interaction between buyers and sellers. It proposes a framework that enables co-creation in the B2B sales process by fostering iterative collaboration between buyers and suppliers in the context of AI technology. This research explores how buyers perceive such collaboration within the sales process. It examines the factors that drive B2B buyers to engage in co-creation during sales interactions and assesses the extent to which these factors predict buyers’ intention to cocreate.
Design/methodology/approach
This study uses a sequential mixed-methods design. In the first stage, using a case study approach, the proposed framework was applied in the real-world sales process of a manufacturing start-up. First, in-depth interviews with industrial buyers were analyzed via thematic analysis to identify the key drivers of co-creation. In the second stage, these emergent factors were empirically tested through a quantitative study to assess their predictive power on buyers’ intention to cocreate.
Findings
The findings highlight three key dimensions that influence buyers’ decisions to engage in co-creation: supplier selection criteria, buyer perceptions of role and readiness and project-specific factors. Buyers’ attitudes and perceptions strongly predict their intention to cocreate, with positive preexisting attitudes, perceived value and willingness to pay driving engagement. Perceived risks, especially technological failure, inhibit co-creation, while traditional supplier-centric criteria, while not entirely irrelevant, are of secondary importance. The empirical results highlight the importance of mindset and value communication in B2B AI sales.
Originality/value
This study contributes to the understanding of co-creation in B2B sales funnel in the context of AI technology solutions, an area where empirical evidence remains scarce. Unlike traditional supplier-centric models, the study positions buyers as active collaborators, highlighting how attitudes, perceived value and risk perceptions shape their willingness to engage in co-creation. By combining qualitative insights with quantitative validation, this sequential mix methods research offers both theoretical advancement, providing a framework for understanding co-creation in AI-driven B2B sales; and, practical guidance for managers seeking to overcome implementation challenges and foster stronger, value-based buyer–supplier relationships.</subfield>
  </datafield>
  <datafield tag="506" ind1="0" ind2=" ">
    <subfield code="a">Access copy available to the general public</subfield>
    <subfield code="f">Unrestricted</subfield>
  </datafield>
  <datafield tag="536" ind1=" " ind2=" ">
    <subfield code="9">info:eu-repo/grantAgreement/ES/AEI/PID2024-159398OA-I00</subfield>
    <subfield code="9">info:eu-repo/grantAgreement/ES/DGA/S54-23R-GENERES Group</subfield>
  </datafield>
  <datafield tag="540" ind1=" " ind2=" ">
    <subfield code="9">info:eu-repo/semantics/openAccess</subfield>
    <subfield code="a">by-nc</subfield>
    <subfield code="u">https://creativecommons.org/licenses/by-nc/4.0/deed.es</subfield>
  </datafield>
  <datafield tag="655" ind1=" " ind2="4">
    <subfield code="a">info:eu-repo/semantics/article</subfield>
    <subfield code="v">info:eu-repo/semantics/acceptedVersion</subfield>
  </datafield>
  <datafield tag="700" ind1=" " ind2=" ">
    <subfield code="a">Herrando, Carolina</subfield>
    <subfield code="u">Universidad de Zaragoza</subfield>
    <subfield code="0">(orcid)0000-0002-2653-2473</subfield>
  </datafield>
  <datafield tag="710" ind1="2" ind2=" ">
    <subfield code="1">4011</subfield>
    <subfield code="2">095</subfield>
    <subfield code="a">Universidad de Zaragoza</subfield>
    <subfield code="b">Dpto. Direc.Mark.Inves.Mercad.</subfield>
    <subfield code="c">Área Comerci.Investig.Mercados</subfield>
  </datafield>
  <datafield tag="773" ind1=" " ind2=" ">
    <subfield code="g">(2026), [15 pp.]</subfield>
    <subfield code="p">J. bus. ind. mark.</subfield>
    <subfield code="t">JOURNAL OF BUSINESS &amp; INDUSTRIAL MARKETING</subfield>
    <subfield code="x">0885-8624</subfield>
  </datafield>
  <datafield tag="856" ind1="4" ind2=" ">
    <subfield code="s">924186</subfield>
    <subfield code="u">http://zaguan.unizar.es/record/169992/files/texto_completo.pdf</subfield>
    <subfield code="y">Postprint</subfield>
  </datafield>
  <datafield tag="856" ind1="4" ind2=" ">
    <subfield code="s">512998</subfield>
    <subfield code="u">http://zaguan.unizar.es/record/169992/files/texto_completo.jpg?subformat=icon</subfield>
    <subfield code="x">icon</subfield>
    <subfield code="y">Postprint</subfield>
  </datafield>
  <datafield tag="909" ind1="C" ind2="O">
    <subfield code="o">oai:zaguan.unizar.es:169992</subfield>
    <subfield code="p">articulos</subfield>
    <subfield code="p">driver</subfield>
  </datafield>
  <datafield tag="951" ind1=" " ind2=" ">
    <subfield code="a">2026-03-16-08:16:25</subfield>
  </datafield>
  <datafield tag="980" ind1=" " ind2=" ">
    <subfield code="a">ARTICLE</subfield>
  </datafield>
</record>
</collection>